Ground water in Yellowstone and Teasure counties, Montana / (Record no. 26717)
[ view plain ]
| 000 -LEADER | |
|---|---|
| fixed length control field | 01311cam a22003011 4500 |
| 001 - CONTROL NUMBER | |
| control field | gs 29000129 |
| 003 - CONTROL NUMBER IDENTIFIER | |
| control field | DLC |
| 005 - DATE AND TIME OF LATEST TRANSACTION | |
| control field | 20260227111333.0 |
| 008 - FIXED-LENGTH DATA ELEMENTS--GENERAL INFORMATION | |
| fixed length control field | 800918s1929 dcuabf b f000 0 eng |
| 010 ## - LIBRARY OF CONGRESS CONTROL NUMBER | |
| LC control number | gs 29000129 |
| 035 ## - SYSTEM CONTROL NUMBER | |
| System control number | (OCoLC)6724668 |
| 040 ## - CATALOGING SOURCE | |
| Original cataloging agency | DLC |
| Transcribing agency | OkAdE |
| Modifying agency | OCoLC |
| -- | DLC |
| 042 ## - AUTHENTICATION CODE | |
| Authentication code | premarc |
| 050 00 - LIBRARY OF CONGRESS CALL NUMBER | |
| Classification number | TC801 |
| Item number | .U2 no. 599 |
| 100 1# - MAIN ENTRY--PERSONAL NAME | |
| Personal name | Hall, George Martin, |
| Dates associated with a name | 1891-1941. |
| 245 10 - TITLE STATEMENT | |
| Title | Ground water in Yellowstone and Teasure counties, Montana / |
| Statement of responsibility, etc. | by George M. Hall and C. S. Howard. |
| 260 ## - PUBLICATION, DISTRIBUTION, ETC. | |
| Place of publication, distribution, etc. | Washington : |
| Name of publisher, distributor, etc. | Govt. print. off., |
| Date of publication, distribution, etc. | 1929. |
| 300 ## - PHYSICAL DESCRIPTION | |
| Extent | vi, 118 p., 7 leaves of plates : |
| Other physical details | ill., fold. map (in pocket),tables, diagrs. ; |
| Dimensions | 23 cm. |
| 440 #0 - SERIES STATEMENT/ADDED ENTRY--TITLE | |
| Title | U. S. Geological Survey water-supply paper ; |
| Volume/sequential designation | 599 |
| 500 ## - GENERAL NOTE | |
| General note | At head of title: Department of the Interior. |
| 500 ## - GENERAL NOTE | |
| General note | Prepared in cooperation with the State engineer; the Department of chemistry of the Montana State college, Bozeman; and the Water laboratory of the Montana State board of health. |
| 504 ## - BIBLIOGRAPHY, ETC. NOTE | |
| Bibliography, etc. note | Bibliographical footnotes. |
| 650 #0 - SUBJECT ADDED ENTRY--TOPICAL TERM | |
| Topical term or geographic name entry element | Groundwater |
| Geographic subdivision | Montana |
| -- | Yellowstone County. |
| 650 #0 - SUBJECT ADDED ENTRY--TOPICAL TERM | |
| Topical term or geographic name entry element | Groundwater |
| Geographic subdivision | Montana |
| -- | Treasure County. |
| 650 #0 - SUBJECT ADDED ENTRY--TOPICAL TERM | |
| Topical term or geographic name entry element | Water-supply |
| Geographic subdivision | Montana |
| -- | Yellowstone County. |
| 650 #0 - SUBJECT ADDED ENTRY--TOPICAL TERM | |
| Topical term or geographic name entry element | Water-supply |
| Geographic subdivision | Montana |
| -- | Treasure County. |
| 700 1# - ADDED ENTRY--PERSONAL NAME | |
| Personal name | Howard, C. S. |
| Fuller form of name | (Charles Spaulding), |
| Dates associated with a name | 1896- |
No items available.